| 000 | 00451cam a22001457a 4500 | ||
|---|---|---|---|
| 008 | 180718b1963 xxu||||| |||| 00| 0 eng d | ||
| 082 | _aD2 W593/2 | ||
| 100 | _aWhiteman, Marjorie M. | ||
| 245 |
_aDigest of international law _cby Marjorie M. Whiteman |
||
| 260 |
_aWashington _bDepartment of State Publications _c1963 |
||
| 300 | _av | ||
| 500 | _aContents: v.2. v, 1330p | ||
| 650 | _aUnited States --Foreign relations | ||
| 650 | _aInternational law | ||
| 999 |
_c498364 _d498364 |
||